Minecraft - Guess the Biome by Picture - Statistics

General Stats
  • This quiz has been taken 76 times
  • The average score is 30 of 65
Answer Stats
Picture Answer % Correct
Ocean
81%
Warm Ocean
78%
Deep Ocean
76%
Mushroom Fields
76%
Ice Spikes
72%
Plains
71%
Cold Ocean
69%
Desert
68%
Jungle
68%
Birch Forest
65%
Cherry Grove
64%
The End
64%
Badlands
63%
Beach
63%
Taiga
63%
Dark Forest
61%
River
61%
Swamp
61%
Mangrove Swamp
58%
Forest
57%
Savanna
56%
Deep Dark
54%
Crimson Forest
53%
Bamboo Jungle
51%
Snowy Taiga
51%
Warped Forest
51%
Pale Garden
50%
Frozen River
49%
Snowy Plains
49%
Soul Sand Valley
49%
Lukewarm Ocean
47%
Meadow
47%
Frozen Ocean
46%
Basalt Deltas
44%
Deep Cold Ocean
44%
Sunflower Plains
44%
Stony Shore
42%
The Void
42%
Flower Forest
40%
Snowy Beach
40%
Nether Wastes
39%
Deep Lukewarm Ocean
38%
Dripstone Caves
38%
Lush Caves
38%
Deep Frozen Ocean
35%
Sparse Jungle
35%
Stony Peaks
33%
Windswept Hills
33%
Old Growth Birch Forest
32%
Frozen Peaks
31%
Eroded Badlands
29%
Wooded Badlands
29%
Savanna Plateau
28%
Old Growth Spruce Taiga
26%
Grove
25%
Old Growth Pine Taiga
22%
Snowy Slopes
22%
Windswept Gravelly Hills
22%
Windswept Savanna
22%
End Midlands
21%
Small End Islands
21%
End Highlands
19%
Jagged Peaks
19%
Windswept Forest
14%
End Barrens
13%
No matching quizzes found
Score Distribution
Percent of People with Each Score
Percentile by Number Answered
Your Score History
You have not taken this quiz